The theory of graphes et ses applications
Αποθηκεύτηκε σε:
| Κύριος συγγραφέας: | |
|---|---|
| Μορφή: | Βιβλίο |
| Γλώσσα: | English French |
| Δημοσίευση: |
London ; New York :
Methuen ; John Wiley & Sons,
1964, c1962
|
| Έκδοση: | 1st ed. Repr. |
| Θέματα: | |
| Ετικέτες: |
Προσθήκη ετικέτας
Δεν υπάρχουν, Καταχωρήστε ετικέτα πρώτοι!
|
MARC
| LEADER | 00000cam a2200000 i 4500 | ||
|---|---|---|---|
| 001 | 1/4709 | ||
| 008 | 100219r19641962 eng d | ||
| 035 | |l 10106892 | ||
| 040 | |a GR-MY-UA |b gre |e aacr | ||
| 041 | 0 | |a eng |h fre | |
| 082 | 0 | |a 511.5 |2 (22) | |
| 100 | 1 | |a Berge, Claude. | |
| 245 | 1 | 4 | |a The theory of graphes et ses applications / |c by Claude Berge ; translated by Alison Doig |
| 250 | |a 1st ed. Repr. | ||
| 260 | |a London ; New York : |b Methuen ; John Wiley & Sons, |c 1964, c1962 | ||
| 300 | |a x, 247 σ.; |b διαγρ.; |c 24 εκ. | ||
| 504 | |a Περιέχει βιβλιογραφία και ευρετήριο | ||
| 650 | 0 | 0 | |a Graph theory. |
| 852 | |a INST |b SAMOS |c MAG |e 20100219 |h 511.5 BER |p 005300030572 |q 005300030572 |t BK |y 0 | ||
| 901 | |a BIBL3-2010-1 | ||
| 909 | |a Σ |b 161871 | ||
| 970 | |a ΣΙΤΖΙΜΗ |b ΓΙΑΣΕΜΗ |z 2010/02/19 | ||